000
00315nam a2200145Ia 4500
100
_a
Soman/K.P/ Ramachandran/.K.I
942
_c
BK
654
_a
wavelets
245
_a
Insight in to wavelets
260
_b
Prentice Hall
_c
2004
082
_a
621.38131
_b
SOM
300
_a
293
546
_a
ENGLISH
999
_c
26273
_d
26273